[Event "V Festival A"]
[Site "Positano ITA"]
[Date "2008.11.01"]
[Round "8"]
[White "Naumkin, Igor"]
[Black "Kizov, Atanas"]
[Result "1-0"]
[WhiteElo "2506"]
[BlackElo "2439"]
[PlyCount "49"]
[EventDate "2008.10.26"]

1. d4 d5 2. c4 dxc4 3. Nf3 c5 4. e3 cxd4 5. Bxc4 Qc7 6. Qb3 e6 7. exd4 Nf6 8.
O-O Nc6 9. Nc3 a6 10. Qd1 Be7 11. Be3 O-O 12. Rc1 Rd8 13. Qe2 b5 14. Bb3 Qd6
15. Rfd1 Na5 16. Bc2 Bb7 17. Bg5 Rac8 18. Ne5 g6 19. a3 Nc4 20. Bb3 Nb6 21. Re1
Nbd5 22. Qf3 Nxc3 23. Qxb7 Rb8 24. Qf3 Ncd5 25. Rc6 1-0

[Event "V Festival A"]
[Site "Positano ITA"]
[Date "2008.11.02"]
[Round "9"]
[White "Dragojlovic, Andjelko"]
[Black "Cinque, Antonio"]
[Result "1-0"]
[WhiteElo "2393"]
[BlackElo "1862"]
[PlyCount "89"]
[EventDate "2008.10.26"]

1. e4 e6 2. d3 d5 3. Nd2 c5 4. Ngf3 Nc6 5. g3 Bd6 6. Bg2 Nge7 7. O-O Qc7 8. Nh4
O-O 9. f4 f6 10. c4 dxc4 11. Nxc4 b5 12. Nxd6 Qxd6 13. Be3 Rd8 14. Rc1 Qxd3 15.
Qxd3 Rxd3 16. Bxc5 Ng6 17. Nxg6 hxg6 18. e5 Bb7 19. exf6 gxf6 20. Bf2 Rd6 21.
Rc5 a6 22. Rfc1 Rc8 23. g4 Kf7 24. Bg3 f5 25. g5 Ke7 26. Bf2 Kd7 27. h4 Rd2 28.
R5c2 Rd6 29. Bc5 Rd3 30. Bb6 Rd6 31. b3 Re8 32. Bc5 Rd3 33. Ba3 Rc8 34. Bc5 Nd8
35. Bxb7 Nxb7 36. Bb6 Rxc2 37. Rxc2 Nd6 38. Rc7+ Ke8 39. Rg7 Rh3 40. Bf2 Ne4
41. Rxg6 Kf7 42. Rh6 Rd3 43. Bb6 Ng3 44. Bc7 Nh5 45. Be5 1-0

[Event "V Festival A"]
[Site "Positano ITA"]
[Date "2008.11.02"]
[Round "9"]
[White "Estremera Panos, Sergio"]
[Black "Courbi, Stephane"]
[Result "1-0"]
[WhiteElo "2374"]
[BlackElo "2038"]
[PlyCount "43"]
[EventDate "2008.10.26"]

1. d4 Nf6 2. c4 c5 3. d5 b5 4. cxb5 a6 5. e3 axb5 6. Bxb5 Qa5+ 7. Nc3 Bb7 8.
Bd2 Qb6 9. Nf3 Nxd5 10. Nxd5 Bxd5 11. a4 e6 12. O-O Be7 13. Bc3 O-O 14. Nd2 f5
15. Qe2 Qb7 16. f3 Na6 17. e4 fxe4 18. fxe4 Bc6 19. Rxf8+ Rxf8 20. Rf1 Bxb5 21.
axb5 Nb4 22. Qg4 1-0

[Event "V Festival A"]
[Site "Positano ITA"]
[Date "2008.11.02"]
[Round "9"]
[White "Kizov, Atanas"]
[Black "Cervero, Gianluca"]
[Result "1-0"]
[WhiteElo "2439"]
[BlackElo "1518"]
[PlyCount "27"]
[EventDate "2008.10.26"]

1. d4 e6 2. c4 Nf6 3. Nf3 d5 4. g3 c5 5. cxd5 Nxd5 6. Bg2 Nc6 7. O-O b6 8. e4
Nf6 9. d5 exd5 10. exd5 Nxd5 11. Ne5 Nce7 12. Nc6 Qc7 13. Nxe7 Bxe7 14. Qxd5
1-0

[Event "V Festival A"]
[Site "Positano ITA"]
[Date "2008.11.02"]
[Round "9"]
[White "Martorelli, Antonio"]
[Black "Naumkin, Igor"]
[Result "1/2-1/2"]
[WhiteElo "2243"]
[BlackElo "2506"]
[PlyCount "23"]
[EventDate "2008.10.26"]

1. e4 e5 2. Nf3 Nc6 3. d4 exd4 4. Nxd4 Nf6 5. Nxc6 bxc6 6. e5 Qe7 7. Qe2 Nd5 8.
c4 Ba6 9. Nd2 Nb4 10. Nf3 c5 11. g3 Qe6 12. b3 1/2-1/2

[Event "V Festival A"]
[Site "Positano ITA"]
[Date "2008.11.02"]
[Round "9"]
[White "Piscopo, Pierluigi"]
[Black "Bruno, Fabio"]
[Result "1/2-1/2"]
[WhiteElo "2380"]
[BlackElo "2453"]
[PlyCount "54"]
[EventDate "2008.10.26"]

1. e4 c5 2. Nf3 e6 3. Qe2 Nc6 4. g3 g6 5. Bg2 Bg7 6. O-O Nge7 7. d3 d6 8. c3
O-O 9. Nbd2 b6 10. Rb1 Bb7 11. Re1 Qd7 12. Nf1 Rae8 13. Qc2 d5 14. h4 e5 15. b4
cxb4 16. cxb4 b5 17. Qb3 d4 18. Bd2 Nc8 19. Rbc1 Nb6 20. Ng5 h6 21. Bh3 Qd6 22.
Nf3 Ne7 23. Rc2 Kh7 24. N1h2 f5 25. h5 fxe4 26. hxg6+ Kh8 27. dxe4 d3 1/2-1/2

[Event "V Festival A"]
[Site "Positano ITA"]
[Date "2008.11.02"]
[Round "9"]
[White "Sion Castro, Marcelino"]
[Black "Mazzarella, Antonio"]
[Result "1/2-1/2"]
[WhiteElo "2371"]
[BlackElo "2085"]
[PlyCount "83"]
[EventDate "2008.10.26"]

1. Nf3 Nf6 2. c4 c5 3. Nc3 g6 4. d4 cxd4 5. Nxd4 Nc6 6. e4 d6 7. Be2 Bg7 8. Be3
Bd7 9. O-O O-O 10. Qd2 Ng4 11. Bxg4 Bxg4 12. f3 Bd7 13. Rfd1 Rc8 14. Nxc6 Rxc6
15. c5 b6 16. cxb6 axb6 17. Bd4 Be6 18. Bxg7 Kxg7 19. Nb5 Qb8 20. Nd4 Rc5 21.
b4 Rc4 22. Nxe6+ fxe6 23. a4 Rfc8 24. Rdc1 Qc7 25. Rxc4 Qxc4 26. a5 bxa5 27.
bxa5 e5 28. Kf2 Qb3 29. Ra2 Qc4 30. Qd5 Qxd5 31. exd5 e6 32. a6 exd5 33. a7 Ra8
34. Ra6 Kf7 35. Ke3 Ke6 36. Kd3 g5 37. Kc3 Kd7 38. Kb4 Kc7 39. Kb5 d4 40. Rc6+
Kd7 41. Ra6 Kc7 42. Rc6+ 1/2-1/2

[Event "Autunno Scacchistico A"]
[Site "Venezia ITA"]
[Date "2008.10.31"]
[Round "2"]
[White "Navarro, Stefano"]
[Black "Zoldan, Matteo"]
[Result "1/2-1/2"]
[WhiteElo "2271"]
[BlackElo "2198"]
[PlyCount "54"]
[EventDate "2008.10.30"]

1. e4 c5 2. Nf3 d6 3. d4 cxd4 4. Nxd4 Nf6 5. Nc3 e6 6. g3 Bd7 7. Bg2 Nc6 8. O-O
Be7 9. Re1 O-O 10. Nxc6 Bxc6 11. Bf4 Rc8 12. Qd3 Qa5 13. Bd2 Qc7 14. Nb5 Bxb5
15. Qxb5 a6 16. Qb3 Qxc2 17. Qxc2 Rxc2 18. Bc3 Ng4 19. Rac1 Rxc1 20. Rxc1 Rc8
21. Rd1 Rd8 22. h3 Nf6 23. e5 Nd5 24. Bxd5 exd5 25. Rxd5 dxe5 26. Rxd8+ Bxd8
27. Bxe5 f5 1/2-1/2

[Event "Autunno Scacchistico A"]
[Site "Venezia ITA"]
[Date "2008.11.02"]
[Round "5"]
[White "De Filomeno, Simone"]
[Black "Zoldan, Matteo"]
[Result "1-0"]
[WhiteElo "2147"]
[BlackElo "2198"]
[PlyCount "87"]
[EventDate "2008.10.30"]

1. e4 c5 2. Nf3 d6 3. d4 cxd4 4. Nxd4 Nf6 5. Nc3 e6 6. g3 Bd7 7. Bg2 Nc6 8.
Nde2 Be7 9. O-O O-O 10. h3 a6 11. Be3 b5 12. a3 Rb8 13. f4 h6 14. g4 Nh7 15. f5
Ne5 16. Bd4 Bg5 17. Qe1 Nc4 18. Nd1 e5 19. Bc3 Bc6 20. b3 Nb6 21. Ng3 Bh4 22.
Kh2 Nf6 23. Nf2 Qc7 24. Rd1 Rfd8 25. Bb2 Ba8 26. Rd2 d5 27. exd5 e4 28. d6 Qc5
29. Bxf6 gxf6 30. Nfxe4 Bxe4 31. Qxe4 Rxd6 32. Rxd6 Qxd6 33. Qf4 Qxf4 34. Rxf4
Rc8 35. Be4 Nd7 36. Ne2 Ne5 37. Rf1 Re8 38. Nc3 Kg7 39. Rd1 Bg5 40. Kg3 Be3 41.
Bb7 a5 42. Nxb5 Rb8 43. Ba6 Ra8 44. Nc7 1-0

[Event "Weekend Citta' di Torino A"]
[Site "Torino ITA"]
[Date "2008.11.01"]
[Round "2"]
[White "Cacinschi, Alexandru"]
[Black "Castaldo, Folco"]
[Result "0-1"]
[WhiteElo "1939"]
[BlackElo "2387"]
[PlyCount "48"]
[EventDate "2008.10.31"]

1. c4 f5 2. Nc3 Nf6 3. d3 e5 4. g3 Bb4 5. Bg2 Bxc3+ 6. bxc3 Nc6 7. a4 d6 8. e3
e4 9. d4 Na5 10. Bf1 c5 11. Ba3 b6 12. Qc2 Ba6 13. Qa2 Qd7 14. Bb2 Qf7 15. d5
Ng4 16. Nh3 Ne5 17. Ng5 Qh5 18. h4 Bxc4 19. Bxc4 Naxc4 20. Ne6 Nd3+ 21. Kf1
Nd2+ 22. Kg1 Qe2 23. Rh2 Nf3+ 24. Kh1 Nxh2 0-1

[Event "Weekend Citta' di Torino A"]
[Site "Torino ITA"]
[Date "2008.11.01"]
[Round "3"]
[White "Castaldo, Folco"]
[Black "Fortino, Fabrizio"]
[Result "1-0"]
[WhiteElo "2387"]
[BlackElo "2051"]
[PlyCount "109"]
[EventDate "2008.10.31"]

1. d4 Nf6 2. Nf3 b6 3. g3 e6 4. Bg2 Bb7 5. O-O Be7 6. c4 O-O 7. Nc3 d5 8. Ne5
Nbd7 9. Qa4 c6 10. Nxc6 Bxc6 11. Qxc6 Rc8 12. Qb7 Rc7 13. Qa6 Nb8 14. Qa4 Rxc4
15. Qd1 Nc6 16. e3 Na5 17. Qd3 Qd7 18. b3 Rc7 19. Bb2 Rfc8 20. Rfc1 h6 21. Bf1
Nb7 22. Ne2 Rxc1 23. Rxc1 Rxc1 24. Nxc1 Nd6 25. Qc2 Qb7 26. Nd3 Nd7 27. Nf4 a6
28. Bd3 b5 29. Be2 a5 30. Nd3 a4 31. Nc5 axb3 32. axb3 Qc8 33. Bd3 b4 34. Kg2
Qc6 35. Qc1 Nb7 36. Nxd7 Qxd7 37. Qa1 Nd8 38. Bc1 g6 39. Bd2 Kg7 40. Qa5 Qb7
41. Bb5 Qb8 42. Qa6 Qd6 43. Qa7 h5 44. h4 f6 45. e4 Nf7 46. Qb7 dxe4 47. Qxe4
e5 48. Be3 Nd8 49. Bd3 f5 50. Qxe5+ Qxe5 51. dxe5 Nc6 52. f4 Na5 53. Bc2 Kf7
54. Bb6 Nc6 55. Bd3 1-0

[Event "Weekend Citta' di Torino A"]
[Site "Torino ITA"]
[Date "2008.11.02"]
[Round "4"]
[White "Zunino, Davide"]
[Black "Castaldo, Folco"]
[Result "0-1"]
[WhiteElo "1976"]
[BlackElo "2387"]
[PlyCount "80"]
[EventDate "2008.10.31"]

1. d4 f5 2. Nc3 d5 3. Bf4 c6 4. e3 g6 5. h4 h6 6. Nf3 Nd7 7. Bd3 Bg7 8. g4 e6
9. gxf5 gxf5 10. Ne2 Ngf6 11. Ne5 Nxe5 12. Bxe5 Qe7 13. Qd2 Bd7 14. Nf4 Rg8 15.
O-O-O Ne4 16. Bxe4 Bxe5 17. dxe5 fxe4 18. Nh5 O-O-O 19. Nf6 Rg2 20. Rdg1 Qg7
21. Qe1 Qg6 22. Rxg2 Qxg2 23. Qg1 Qf3 24. Rh2 Be8 25. Qg4 Qxg4 26. Nxg4 Bh5 27.
Nf6 Bf3 28. Rh3 d4 29. exd4 Rxd4 30. c3 Rd1+ 31. Kc2 Rf1 32. Rh2 Re1 33. Rh3
Re2+ 34. Kb3 Rxf2 35. Rg3 e3 36. Rg8+ Kc7 37. Ne8+ Kb6 38. Nd6 e2 39. Rg7 e1=Q
40. Rxb7+ Ka6 0-1

[Event "C.to Italiano U14 femminile"]
[Site "Merano - Meran ITA"]
[Date "2008.07.10"]
[Round "6"]
[White "Venica, Giada"]
[Black "Gasparini, Diletta"]
[Result "1/2-1/2"]
[WhiteElo "1440"]
[BlackElo "1446"]
[PlyCount "356"]
[EventDate "2008.07.06"]

1. e4 d6 2. Nc3 Nf6 3. Nf3 Nc6 4. Bc4 h6 5. h3 a6 6. O-O Bd7 7. d4 b5 8. Bb3
Na5 9. e5 Nxb3 10. cxb3 Nh7 11. exd6 cxd6 12. Bd2 e6 13. Qe2 b4 14. Nd5 Bb5 15.
Qe3 Bxf1 16. Kxf1 a5 17. Qe4 Rb8 18. Rc1 Rc8 19. Rxc8 Qxc8 20. Kg1 Be7 21. Nxe7
Kxe7 22. Qh4+ f6 23. Qe4 f5 24. Qh4+ Kd7 25. Qh5 Qe8 26. Qh4 Qe7 27. Qf4 g5 28.
Qe3 Rc8 29. Qd3 Qd8 30. d5 exd5 31. Qxd5 Rc5 32. Qb7+ Qc7 33. Qxc7+ Kxc7 34. a3
Rc2 35. axb4 axb4 36. Bxb4 Rxb2 37. Ba5+ Kb7 38. Bb4 Rxb3 39. Bxd6 Rb1+ 40. Kh2
h5 41. Ne5 g4 42. Kg3 Nf6 43. f3 Rb3 44. hxg4 Ne4+ 45. Kh4 Nxd6 46. gxh5 Ra3
47. h6 Ra8 48. h7 Rh8 49. Kg5 Rxh7 50. g3 Rg7+ 51. Ng6 Kc7 52. Kf6 Rf7+ 53. Kg5
Kd8 54. Ne5 Rg7+ 55. Ng6 Ke8 56. Kf6 Rh7 57. g4 fxg4 58. fxg4 Rh6 59. g5 Ne4+
60. Kf5 Nxg5 61. Kxg5 Rh1 62. Kf6 Rf1+ 63. Kg7 Rg1 64. Kf6 Kd7 65. Kg7 Ke6 66.
Kh7 Kf6 67. Nh8 Ke6 68. Ng6 Rh1+ 69. Kg7 Rg1 70. Kh7 Kf6 71. Nh8 Ke7 72. Ng6+
Ke8 73. Kg7 Rg2 74. Kh7 Ra2 75. Kh6 Ra6 76. Kg7 Ra7+ 77. Kf6 Rf7+ 78. Kg5 Rg7
79. Kf6 Ra7 80. Ne5 Ra6+ 81. Kf5 Ke7 82. Ng4 Ra5+ 83. Kf4 Ke6 84. Kg3 Kf5 85.
Ne3+ Kg5 86. Kf3 Ra3 87. Ke4 Ra4+ 88. Kd3 Kf4 89. Nc4 Kf3 90. Kd4 Ke2 91. Kc5
Ra8 92. Nd6 Kd3 93. Kd5 Ra5+ 94. Ke6 Kd4 95. Nf7 Ke4 96. Kf6 Ra6+ 97. Ke7 Kf5
98. Nd6+ Kg6 99. Nc8 Kg7 100. Nd6 Kg6 101. Nc8 Kf5 102. Kd7 Ke5 103. Kc7 Ke6
104. Kb7 Ra1 105. Na7 Kd7 106. Nb5 Rb1 107. Kb6 Rb2 108. Kc5 Rc2+ 109. Kb6 Rc6+
110. Kb7 Rc1 111. Kb6 Rb1 112. Kc5 Kc8 113. Kb6 Kd7 114. Kc5 Rc1+ 115. Kb6 Kc8
116. Ka6 Kb8 117. Kb6 Kc8 118. Ka6 Kd7 119. Kb6 Kc8 120. Ka6 Kb8 121. Kb6 Kc8
122. Ka6 Rc6+ 123. Ka5 Kb7 124. Na3 Rc5+ 125. Kb4 Rh5 126. Kb3 Ka6 127. Nc2 Rh4
128. Kc3 Ka5 129. Nd4 Kb6 130. Kc4 Rh5 131. Kb4 Rh4 132. Kc4 Kc7 133. Kd5 Kd7
134. Ke5 Rh1 135. Kd5 Rd1 136. Ke5 Ra1 137. Kd5 Ra5+ 138. Kc4 Kd6 139. Nb3 Rh5
140. Kb4 Kd5 141. Kc3 Rh4 142. Kd3 Rh3+ 143. Kc2 Kc4 144. Nd2+ Kb4 145. Kd1 Kc3
146. Nf1 Kd3 147. Ke1 Kc2 148. Kf2 Ra3 149. Ke2 Kc1 150. Ne3 Ra2+ 151. Kd3 Rd2+
152. Ke4 Rh2 153. Nf5 Kd2 154. Nd6 Rh3 155. Nf5 Ke2 156. Nd4+ Kf2 157. Nc6 Rh4+
158. Kd5 Ke3 159. Kd6 Rh5 160. Ke6 Ke4 161. Kd7 Rh6 162. Kc7 Kd5 163. Ne7+ Kc5
164. Kd7 Ra6 165. Nc8 Kd5 166. Ne7+ Kc5 167. Nc8 Rh6 168. Ne7 Kb6 169. Nc8+ Kb7
170. Ne7 Kb6 171. Nc8+ Kc5 172. Ne7 Kb6 173. Nc8+ Ka6 174. Ne7 Kb7 175. Ke8 Kc7
176. Kf7 Kd7 177. Kg7 Ra6 178. Ng6 Ke8 1/2-1/2

[Event "VI Memorial Alvise Zichichi"]
[Site "Ladispoli ITA"]
[Date "2008.09.??"]
[Round "5"]
[White "Scacco, Mauro"]
[Black "Bitossi, Massimo"]
[Result "0-1"]
[WhiteElo "2118"]
[BlackElo "1952"]
[EventDate "2008.09.20"]

1. e4 Nf6 2. e5 Nd5 3. Nf3 d6 4. d4 g6 5. Bc4 Nb6 6. Bb3 Bg7 7. O-O O-O 8.
a4 a5 9. h3 Nc6 10. Qe2 dxe5 11. dxe5 Nd4 12. Nxd4 Qxd4 13. Re1 Bd7 14. Nc3
Bc6 15. Bg5 h6 16. Bxe7 Rfe8 17. e6 f5 18. Rad1 Qf4 19. g3 Qf3 20. Qxf3
Bxf3 21. Rd7 Rxe7 22. Rxe7 c5 23. Rc7 c4 {phone default} 0-1

[Event "XXXVIII Olimpiadi"]
[Site "Dresda GER"]
[Date "2008.11.13"]
[Round "1.3"]
[White "Sargissian, Gabriel"]
[Black "Shytaj, Luca"]
[Result "1-0"]
[WhiteElo "2642"]
[BlackElo "2472"]
[Annotator "ITA-ARM"]
[PlyCount "85"]
[EventDate "2008.11.13"]

1. d4 d5 2. c4 e6 3. Nf3 c6 4. Nbd2 f5 5. g3 Nf6 6. Bg2 Bd6 7. O-O O-O 8. Ne5
Ne4 9. Ndf3 b6 10. h4 Bb7 11. cxd5 exd5 12. Bf4 c5 13. dxc5 bxc5 14. Rc1 Nd7
15. Nd3 Nb6 16. Ng5 Bxf4 17. Nxf4 Qe7 18. e3 Rf6 19. Qc2 Rc8 20. Rfd1 h6 21.
Nxe4 fxe4 22. h5 Qe5 23. Qc3 Qxc3 24. Rxc3 c4 25. Bh3 Rc5 26. b3 Kf7 27. Bf1
Ke8 28. Rd4 Ba6 29. bxc4 Bxc4 30. Nxd5 Rxd5 31. Rcxc4 Rxh5 32. Rxe4+ Kd7 33.
Rcd4+ Rd6 34. Rg4 Rxd4 35. Rxg7+ Kd6 36. exd4 Ra5 37. Bg2 h5 38. Rh7 Nd7 39.
Rh6+ Ke7 40. d5 Nf6 41. d6+ Kf7 42. d7 Nxd7 43. Rh7+ 1-0

[Event "XXXVIII Olimpiadi"]
[Site "Dresda GER"]
[Date "2008.11.13"]
[Round "1.4"]
[White "Brunello, Sabino"]
[Black "Petrosian, Tigran L."]
[Result "0-1"]
[WhiteElo "2456"]
[BlackElo "2629"]
[Annotator "ITA-ARM"]
[PlyCount "126"]
[EventDate "2008.11.13"]

1. d4 Nf6 2. c4 g6 3. Nf3 Bg7 4. g3 O-O 5. Bg2 d6 6. O-O c6 7. Nc3 Qb6 8. b3
Qa6 9. Bb2 b5 10. cxb5 cxb5 11. a4 bxa4 12. Rxa4 Qb6 13. Nd2 Bb7 14. Nc4 Qc7
15. e4 Nfd7 16. Na5 Nb6 17. Ra1 Nc6 18. Nxc6 Bxc6 19. Qd3 Nd7 20. b4 Rfb8 21.
b5 Bb7 22. Rfb1 Nb6 23. Nd1 Nc4 24. Bc3 Rc8 25. Ra4 Nb6 26. Ba5 Qc2 27. Qxc2
Rxc2 28. Bxb6 axb6 29. Rxa8+ Bxa8 30. Ra1 Rc8 31. Ra4 Bb7 32. Bf3 f5 33. d5
fxe4 34. Bxe4 Rc1 35. Bf3 Bc8 36. Kg2 Kf7 37. Ne3 Bd7 38. Ra7 Bxb5 39. Bg4 Bf6
40. h4 h5 41. Be6+ Kg7 42. g4 hxg4 43. Ra8 Be2 44. Nxg4 Bxh4 45. Rg8+ Kh7 46.
Rb8 Rb1 47. Rf8 Bxg4 48. Bxg4 Kg7 49. Rf3 b5 50. Rh3 Bf6 51. Rd3 b4 52. Bd1 Bh4
53. f3 Rb2+ 54. Kh3 Bf6 55. f4 Bc3 56. Kg3 Kf6 57. Kf3 Kf5 58. Ba4 Ra2 59. Bd7+
Kf6 60. Ke4 Ra7 61. Bc6 Ra1 62. Rg3 Kf7 63. Re3 b3 0-1

[Event "XXXVIII Olimpiadi"]
[Site "Dresda GER"]
[Date "2008.11.14"]
[Round "2.1"]
[White "Caruana, Fabiano"]
[Black "Salem, A.R. Saleh"]
[Result "0-1"]
[WhiteElo "2640"]
[BlackElo "2476"]
[Annotator "ITA-UAE"]
[PlyCount "62"]
[EventDate "2008.11.13"]

1. e4 c6 2. d4 d5 3. e5 Bf5 4. Nd2 e6 5. Nb3 Nd7 6. Be3 Ne7 7. Be2 h6 8. f4 Be4
9. Nf3 g5 10. O-O Nf5 11. Bd2 a5 12. a4 g4 13. Ne1 h5 14. Nd3 Qb6 15. Nf2 Nxd4
16. Nxd4 Qxd4 17. Qc1 Qb6 18. Kh1 Bf5 19. Bd3 Bc5 20. Bxf5 Bxf2 21. Bd3 g3 22.
f5 O-O-O 23. b4 axb4 24. Rb1 c5 25. Bb5 Nxe5 26. Bg5 Ng4 27. fxe6 fxe6 28. Bxd8
Qxd8 29. Rb3 Nxh2 30. Rxf2 Qh4 31. Bd7+ Kd8 0-1

[Event "XXXVIII Olimpiadi"]
[Site "Dresda GER"]
[Date "2008.11.14"]
[Round "2.2"]
[White "Hassan, Abdullah"]
[Black "Godena, Michele"]
[Result "0-1"]
[WhiteElo "2287"]
[BlackElo "2517"]
[Annotator "ITA-UAE"]
[PlyCount "88"]
[EventDate "2008.11.13"]

1. d4 d5 2. Nf3 e6 3. c4 a6 4. e3 Nf6 5. Nc3 c5 6. a3 Nc6 7. dxc5 Bxc5 8. b4
Bd6 9. Bb2 O-O 10. cxd5 exd5 11. Bd3 Qe7 12. Ne2 Bg4 13. Ned4 Ne5 14. Be2 Nc4
15. Qb3 Rac8 16. h3 Bd7 17. O-O Ne4 18. Rac1 Ned2 19. Nxd2 Nxd2 20. Qxd5 Nxf1
21. Rxf1 Qe5 22. Qxe5 Bxe5 23. f4 Bf6 24. g4 h6 25. Bf3 Rc7 26. e4 Bxd4+ 27.
Bxd4 Rc4 28. Rd1 Ba4 29. Be2 Rxb4 30. Rd2 Rb1+ 31. Kf2 Rd8 32. e5 Rb3 33. f5
Rxh3 34. e6 fxe6 35. fxe6 Rh2+ 36. Kf1 Rh1+ 37. Kf2 Rh2+ 38. Kf1 Re8 39. Kg1
Rh3 40. Bc4 Bb5 41. Ba2 Rxa3 42. Rf2 Rxa2 43. Rxa2 Rxe6 44. g5 Re4 0-1

[Event "XXXVIII Olimpiadi"]
[Site "Dresda GER"]
[Date "2008.11.14"]
[Round "2.3"]
[White "Shytaj, Luca"]
[Black "Othman, A. Moussa"]
[Result "1-0"]
[WhiteElo "2472"]
[BlackElo "2336"]
[Annotator "ITA-UAE"]
[PlyCount "83"]
[EventDate "2008.11.13"]

1. e4 d6 2. d4 g6 3. Nc3 Bg7 4. Be3 c6 5. Qd2 Nd7 6. h3 Ngf6 7. Nf3 Qa5 8. Bd3
e5 9. dxe5 dxe5 10. Bh6 Bxh6 11. Qxh6 Qb4 12. O-O-O Qf8 13. Qh4 Qe7 14. Qh6 Nh5
15. Bc4 Nb6 16. Bb3 f6 17. Nh4 Qg7 18. Qd2 Bd7 19. a4 O-O-O 20. a5 Na8 21. a6
b6 22. Nb5 Qe7 23. Nd6+ Kc7 24. Nf7 Rdf8 25. Nxh8 Rxh8 26. g3 Ng7 27. Qh6 Be8
28. Rd2 b5 29. Rhd1 Nb6 30. Rd8 Qf8 31. Kb1 Nh5 32. Qd2 Qe7 33. Ng2 Rf8 34. Ne3
Bd7 35. Rxf8 Qxf8 36. h4 Bc8 37. Qc3 b4 38. Qd3 Ng7 39. c3 bxc3 40. Qxc3 Bxa6
41. Nd5+ Nxd5 42. exd5 1-0

[Event "XXXVIII Olimpiadi"]
[Site "Dresda GER"]
[Date "2008.11.14"]
[Round "2.4"]
[White "Al Huwar, Jasem"]
[Black "Rombaldoni, Denis"]
[Result "1/2-1/2"]
[WhiteElo "2230"]
[BlackElo "2436"]
[Annotator "ITA-UAE"]
[PlyCount "62"]
[EventDate "2008.11.13"]

1. Nf3 Nf6 2. g3 b5 3. Na3 a6 4. c4 b4 5. Nc2 e6 6. Bg2 Bb7 7. O-O Be7 8. b3
O-O 9. Bb2 d5 10. d4 dxc4 11. bxc4 a5 12. c5 Be4 13. Ne3 a4 14. Ne5 Bxg2 15.
Kxg2 Nd5 16. Nc2 f6 17. Nf3 Nc6 18. e4 a3 19. Bc1 Nc3 20. Qd3 f5 21. exf5 Rxf5
22. Nxb4 Nxb4 23. Qxc3 Nc6 24. Qb3 Qd5 25. Qxd5 Rxd5 26. Re1 Nxd4 27. Nxd4 Rxd4
28. Rxe6 Bxc5 29. Bf4 Rf8 30. Rc1 Bd6 31. Bxd6 cxd6 1/2-1/2

[Event "XXXVIII Olimpiadi"]
[Site "Dresda GER"]
[Date "2008.11.15"]
[Round "3.3"]
[White "Jose' Queralto, Daniel"]
[Black "Brunello, Sabino"]
[Result "0-1"]
[WhiteElo "2124"]
[BlackElo "2456"]
[Annotator "ITA-AND"]
[PlyCount "86"]
[EventDate "2008.11.13"]

1. e4 c5 2. Nf3 e6 3. d4 cxd4 4. Nxd4 Nc6 5. g3 Nxd4 6. Qxd4 Ne7 7. Be3 Nc6 8.
Qd2 Qc7 9. f4 a6 10. Bg2 b5 11. O-O Bb7 12. c4 bxc4 13. Rc1 Bb4 14. Qe2 O-O 15.
Qxc4 a5 16. b3 Rfc8 17. a3 Be7 18. Qf1 Ba6 19. Qf2 Rab8 20. Nd2 Qd8 21. Bc5 d6
22. Be3 d5 23. Bc5 Bxc5 24. Rxc5 dxe4 25. Bxe4 Nd4 26. Rxc8 Rxc8 27. Re1 Qd6
28. Bb1 Qd5 29. Be4 Qc5 30. Qe3 Rd8 31. b4 axb4 32. axb4 Qxb4 33. Kh1 Bb7 34.
Bxb7 Qxb7+ 35. Qe4 Qc7 36. Nf3 Nf5 37. Ne5 h6 38. Ra1 g6 39. Ra8 Qc1+ 40. Kg2
Ne3+ 41. Kh3 Qf1+ 42. Kh4 Ng2+ 43. Kh3 Nxf4+ 0-1

[Event "XXXVIII Olimpiadi"]
[Site "Dresda GER"]
[Date "2008.11.22"]
[Round "9.1"]
[White "Mateo, Ramon"]
[Black "Caruana, Fabiano"]
[Result "0-1"]
[WhiteElo "2487"]
[BlackElo "2640"]
[Annotator "ITA-DOM"]
[PlyCount "104"]
[EventDate "2008.11.13"]

1. d4 Nf6 2. Nf3 e6 3. g3 b5 4. Bg2 Bb7 5. O-O c5 6. Nc3 a6 7. Bg5 h6 8. Bxf6
Qxf6 9. d5 b4 10. Ne4 Qxb2 11. c4 bxc3 12. Rb1 c2 13. Qd3 cxb1=Q 14. Rxb1 Qxb1+
15. Qxb1 Bxd5 16. Nc3 Bc6 17. Ne5 Bd6 18. Nxc6 Nxc6 19. Bxc6 dxc6 20. Ne4 Rd8
21. Qb7 O-O 22. Qxc6 Be7 23. Qxa6 Rd4 24. Qb7 Rb4 25. Qc6 Rbb8 26. Qa6 Rfd8 27.
a4 Rbc8 28. Nd2 Ra8 29. Qc6 Rac8 30. Qa6 Ra8 31. Qc6 Rdc8 32. Qb7 Bf8 33. Nc4
Rcb8 34. Qc7 Rc8 35. Qb7 Rab8 36. Qd7 Rd8 37. Qc7 Rdc8 38. Qd7 Re8 39. a5 Re7
40. Qc6 Ra7 41. Kg2 Be7 42. Nb6 Rxa5 43. Qc7 Re8 44. Qc6 Rf8 45. e4 Ra2 46. e5
Rd8 47. Nc8 Bf8 48. g4 Rdd2 49. Qe8 Rxf2+ 50. Kg3 g5 51. Nd6 Rf4 52. h3 Raf2
0-1

[Event "XXXVIII Olimpiadi"]
[Site "Dresda GER"]
[Date "2008.11.22"]
[Round "9.2"]
[White "Shytaj, Luca"]
[Black "Dominguez, Jose' M."]
[Result "1-0"]
[WhiteElo "2472"]
[BlackElo "2345"]
[Annotator "ITA-DOM"]
[PlyCount "75"]
[EventDate "2008.11.13"]

1. e4 e5 2. Nf3 Qe7 3. Bc4 d6 4. O-O Bg4 5. Re1 Nf6 6. h3 Bh5 7. d4 h6 8. Nbd2
g5 9. Nf1 g4 10. hxg4 Nxg4 11. Ng3 Bg6 12. Nxe5 Nxe5 13. dxe5 dxe5 14. Nf5 Qf6
15. Qd5 c6 16. Qa5 Nd7 17. Qc7 b5 18. Rd1 Bxf5 19. exf5 Rd8 20. Bf1 Be7 21. Be3
a6 22. a4 Qxf5 23. Qxc6 bxa4 24. Bxa6 Rg8 25. Bd3 Qg4 26. Be4 h5 27. Bf3 Qf5
28. Rxa4 Kf8 29. Qe4 Qe6 30. Ra7 Kg7 31. Qd5 Qxd5 32. Rxd5 Nf6 33. Rxe5 Bd6 34.
Rg5+ Kf8 35. Rf5 Rg6 36. Bg5 Be7 37. Bxh5 Bc5 38. Rxc5 1-0

[Event "XXXVIII Olimpiadi"]
[Site "Dresda GER"]
[Date "2008.11.22"]
[Round "9.4"]
[White "Rombaldoni, Denis"]
[Black "Jaquez, Juan Manuel"]
[Result "1-0"]
[WhiteElo "2436"]
[BlackElo "2223"]
[Annotator "ITA-DOM"]
[PlyCount "71"]
[EventDate "2008.11.13"]

1. d4 Nf6 2. Nf3 e6 3. e3 b6 4. Bd3 Bb7 5. c4 Be7 6. Nc3 d6 7. e4 Nbd7 8. h3 e5
9. d5 O-O 10. g4 Nc5 11. Bc2 a5 12. b3 Ne8 13. Rb1 Bc8 14. a3 g6 15. Bh6 Ng7
16. Rg1 f6 17. Qe2 Bd7 18. Nd1 Qb8 19. a4 Rf7 20. Nh4 Qb7 21. Ne3 Raf8 22. Nef5
Bxf5 23. gxf5 g5 24. Nf3 Kh8 25. h4 g4 26. Rxg4 Rg8 27. Kd2 Ne8 28. Rxg8+ Kxg8
29. Rg1+ Ng7 30. h5 Qc8 31. Nh4 Kh8 32. Ng6+ Kg8 33. Bxg7 hxg6 34. hxg6 Rxg7
35. Qh5 Kf8 36. Qh8+ 1-0

[Event "XXXVIII Olimpiadi"]
[Site "Dresda GER"]
[Date "2008.11.23"]
[Round "10.1"]
[White "Caruana, Fabiano"]
[Black "Kveinys, Aloyzas"]
[Result "1-0"]
[WhiteElo "2640"]
[BlackElo "2534"]
[Annotator "ITA-LTU"]
[PlyCount "59"]
[EventDate "2008.11.13"]

1. e4 c5 2. Nf3 e6 3. d4 cxd4 4. Nxd4 a6 5. Bd3 Nf6 6. O-O Qc7 7. Qe2 d6 8. f4
Be7 9. c4 Nbd7 10. Nc3 b6 11. Kh1 Bb7 12. Bd2 g6 13. Rac1 O-O 14. f5 gxf5 15.
exf5 e5 16. Nd5 Qd8 17. Ne6 fxe6 18. fxe6 Nc5 19. Bf5 Kh8 20. Rc3 Nxd5 21. cxd5
Bxd5 22. Rh3 Bh4 23. Be1 Rg8 24. Bxh4 Rxg2 25. Qxg2 Bxg2+ 26. Kxg2 Qf8 27. Bg6
Nxe6 28. Bf6+ Kg8 29. Bxh7+ Kf7 30. Bxe5+ 1-0

[Event "XXXVIII Olimpiadi"]
[Site "Dresda GER"]
[Date "2008.11.23"]
[Round "10.3"]
[White "Shytaj, Luca"]
[Black "Sulskis, Sarunas"]
[Result "0-1"]
[WhiteElo "2472"]
[BlackElo "2572"]
[Annotator "ITA-LTU"]
[PlyCount "146"]
[EventDate "2008.11.13"]

1. e4 e5 2. Nf3 Nc6 3. Nc3 Nf6 4. g3 Bc5 5. Bg2 d6 6. d3 a6 7. h3 Be6 8. Be3
Bxe3 9. fxe3 O-O 10. O-O Kh8 11. Kh2 Ng8 12. d4 Bd7 13. Qd2 f6 14. Nh4 Nce7 15.
Rf2 Be6 16. Raf1 c6 17. g4 Qc7 18. d5 Bd7 19. Rd1 c5 20. Ne2 b5 21. Nf5 g6 22.
Nfg3 Rf7 23. Rdf1 b4 24. Ng1 Bb5 25. Ra1 a5 26. Nf3 Rff8 27. Bf1 Bd7 28. Bc4
Nc8 29. Raf1 Nb6 30. Be2 Na4 31. Qc1 c4 32. g5 Kg7 33. h4 c3 34. b3 Nc5 35. a4
Bg4 36. Qe1 Qe7 37. Rg1 Kh8 38. Qf1 fxg5 39. Nxg5 Rxf2+ 40. Qxf2 Rf8 41. Qg2
Nf6 42. Rf1 h6 43. Nh3 Bxe2 44. Qxe2 Nfxe4 45. Rxf8+ Qxf8 46. Nxe4 Nxe4 47. Qb5
Qd8 48. Qc4 Nf6 49. Nf2 Qg8 50. e4 Qd8 51. Qe2 Kg7 52. Nh3 Qc8 53. Nf2 h5 54.
Kg3 Qc5 55. Kf3 Qd4 56. Qe1 Ng4 57. Nh3 Nh2+ 58. Kg2 Qd2+ 59. Qxd2 cxd2 60. Nf2
Ng4 61. Nd1 g5 62. hxg5 Kg6 63. Kf3 Kxg5 64. c3 bxc3 65. Nxc3 h4 66. b4 axb4
67. Nd1 h3 68. a5 h2 69. Kg2 b3 70. a6 Nf2 71. Kxh2 Nxd1 72. a7 Ne3 73. a8=Q
d1=Q 0-1